Das sog. eosinophile Granulom des Magen-Darm-Traktes
Elmentve itt :
| Szerző: | |
|---|---|
| Dokumentumtípus: | Cikk |
| Megjelent: |
1967
|
| Sorozat: | Kolligátum
|
| Kulcsszavak: | Bélrendszer - betegségek |
| Online Access: | http://misc.bibl.u-szeged.hu/26935 |
| LEADER | 00553nab a2200169 i 4500 | ||
|---|---|---|---|
| 001 | misc26935 | ||
| 005 | 20191108145958.0 | ||
| 008 | 170919s1967 hu o 0|| zxx d | ||
| 040 | |a SZTE Miscellanea Repozitórium |b hun | ||
| 041 | |a zxx | ||
| 100 | 1 | |a Csapó Zsolt | |
| 245 | 1 | 4 | |a Das sog. eosinophile Granulom des Magen-Darm-Traktes |h [elektronikus dokumentum] / |c Csapó Zsolt |
| 260 | |c 1967 | ||
| 300 | |a 68-82 | ||
| 490 | 0 | |a Kolligátum | |
| 695 | |a Bélrendszer - betegségek | ||
| 856 | 4 | 0 | |u http://misc.bibl.u-szeged.hu/26935/1/019_023_068-082.pdf |z Dokumentum-elérés |